000 00326nam a2200145 a 4500
008 990922s1974||||xx 0 und c
040 _aSNK
_bslo
_cSNK
_eAACR2
100 1 _aDebris, J. P.
245 1 0 _aŽalujeme
260 _aBratislava
_bPravda
_c1974
300 _a157 s.
020 _c6
044 _axo
_cSK
041 _aslo
999 _c10435
_d10435